Mainz Spieler seit Saison 2014/2015 - Statistiken

Allgemein
  • Dieses Quiz wurde 25 mal gespielt
  • Das Durchschnittsergebnis liegt bei 48 aus 146
Antwortstatistiken
Hint Jahre Nation Antwort Spiele % Korrekt
Verteidiger 2021- GER Danny da Costa 115
89%
Torwart 2014- GER Robin Zentner 228
89%
Verteidiger 2010- GER Stefan Bell 322
89%
Verteidiger 2021- GER Dominik Kohr 162
84%
Verteidiger 2021- SUI Silvan Widmer 137
84%
Torwart 2023- GER Daniel Batz 15
79%
Torwart 2016-2021 GER Florian Müller 44
79%
Mittelfeldspieler 2021- KOR Jae-Sung Lee 159
79%
Verteidiger 2013-2015 KOR Park Joo-ho 50
79%
Angreifer 2010-2013, 2019-2022 HUN Ádám Szalai 146
68%
Verteidiger 2023- NOR Andreas Hanche-Olsen 77
68%
Angreifer 2018-2025 GER Jonathan Burkardt 144
68%
Mittelfeldspieler 2024- GER Nadiem Amiri 73
68%
Verteidiger 2008-2019 GER Niko Bungert 218
68%
Verteidiger 2004-2015 MKD Nikolce Noveski 348
68%
Torwart 2018-2023 GER Finn Dahmen 15
63%
Torwart 2012-2016 GER Loris Karius 96
63%
Angreifer 2022- GER Nelson Weiper 60
63%
Mittelfeldspieler 2020- GER Paul Nebel 76
63%
Verteidiger 2018-2023 ESP Aarón Martín 124
58%
Verteidiger 2022- FRA Anthony Caci 107
58%
Verteidiger 2025- POL Kacper Potulski 12
58%
Mittelfeldspieler 2024- JAP Kaishu Sano 67
58%
Torwart 2022- GER Lasse Rieß 7
58%
Mittelfeldspieler 2018-2024 LUX Leandro Barreiro 151
58%
Angreifer 2017-2021 SWE Robin Quaison 130
58%
Angreifer 2026- SUR Sheraldo Becker 1
58%
Mittelfeldspieler 2017-2020 ROU Alexandru Maxim 56
53%
Verteidiger 2016-2019 ITA Giulio Donati 88
53%
Angreifer 2018-2021 FRA Jean-Philippe Mateta 71
53%
Torwart 2016-2018 DEN Jonas Lössl 34
53%
Angreifer 2016-2024 AUT Karim Onisiwo 233
53%
Verteidiger 2018-2022 SEN Moussa Niakhaté 135
53%
Verteidiger 2018-2021, 2023- AUT Philipp Mwene 110
53%
Angreifer 2026- COD Silas Katompa Mvumpa 4
53%
Verteidiger 2017-2018 SEN Abdou Diallo 30
47%
Verteidiger 2014-2022 GER Daniel Brosinski 224
47%
Mittelfeldspieler 2019-2025 SUI Edimilson Fernandes 97
47%
Angreifer 2011-2014 CMR Eric-Maxim Choupo-Moting 81
47%
Verteidiger 2019-2022 NED Jeremiah St. Juste 69
47%
Angreifer 2015-2017 COL Jhon Córdoba 59
47%
Mittelfeldspieler 2014-2018 ARG Pablo de Blasis 115
47%
Angreifer 2026- GER Philipp Tietz 6
47%
Angreifer 2013-2015 JAP Shinji Okazaki 65
47%
Angreifer 2018-2019 NGA Anthony Ujah 52
42%
Angreifer 2023-2024 GER Brajan Gruda 31
42%
Mittelfeldspieler 2007-2016 COL Elkin Soto 207
42%
Mittelfeldspieler 2011-2016 AUT Julian Baumgartlinger 137
42%
Torwart 2017-2019 GER René Adler 17
42%
Torwart 2014-2015 GRE Stefanos Kapino 2
42%
Verteidiger 2026- AUT Stefan Posch 3
42%
Mittelfeldspieler 2011-2016 TUR Yunus Malli 146
42%
Verteidiger 2015-2023 GER Alexander Hack 145
37%
Angreifer 2024- GER Armindo Sieb 51
37%
Angreifer 2014-2017 ESP Jairo Samperio 79
37%
Torwart 2014-2019 GER Jannik Huth 8
37%
Verteidiger 2012-2015 CRC Júnior Díaz 63
37%
Mittelfeldspieler 2014-2015 KOR Koo Ja-cheol 42
37%
Verteidiger 2015-2018 NGA Leon Balogun 58
37%
Verteidiger 2024- AUT Nikolas Veratschnig 34
37%
Mittelfeldspieler 2018-2021 CMR Pierre Kunde Malong 70
37%
Angreifer 2019-2020 NGA Taiwo Awoniyi 12
37%
Angreifer 2015-2018 JAP Yoshinori Muto 72
37%
Mittelfeldspieler 2022-2025 MAR Aymen Barkok 44
32%
Angreifer 2017 ESP Bojan Krkic 11
32%
Angreifer 2019-2021 KOR Dong-won Ji 11
32%
Angreifer 2016-2020 PHI Gerrit Holtmann 29
32%
Verteidiger 2023-2024 NED Sepp van den Berg 35
32%
Mittelfeldspieler 2015-2018 GER Suat Serdar 54
32%
Verteidiger 2021-2023 ANG Anderson Lucoqui 15
26%
Mittelfeldspieler 2021-2023 GER Anton Stach 68
26%
Angreifer 2022- GER Ben Bobzien 6
26%
Angreifer 2025- GER Benedict Hollerbach 21
26%
Angreifer 2025- GER Fabio Moreno Fell 4
26%
Mittelfeldspieler 2024- KOR Hyun-seok Hong 23
26%
Mittelfeldspieler 2018-2022 NED Jean-Paul Boëtius 129
26%
Verteidiger 2016-2019 CIV Jean-Philippe Gbamin 95
26%
Mittelfeldspieler 2013-2015 GER Johannes Geis 71
26%
Angreifer 2017 BIH Kenan Kodro 10
26%
Angreifer 2023-2025 FRA Ludovic Ajorque 46
26%
Angreifer 2021-2023 DEN Marcus Ingvartsen 58
26%
Mittelfeldspieler 2018 NED Nigel de Jong 12
26%
Angreifer 2021 GER Robert Glatzel 13
26%
Mittelfeldspieler 2025- GER Daniel Gleiber 2
21%
Mittelfeldspieler 2015-2021 GER Danny Latza 162
21%
Angreifer 2016-2019 DEN Emil Berggreen 16
21%
Mittelfeldspieler 2015-2017 SUI Fabian Frei 62
21%
Verteidiger 2014-2016 CHI Gonzalo Jara 23
21%
Mittelfeldspieler 2014-2015 GER Jonas Hofmann 10
21%
Mittelfeldspieler 2020-2022 AUT Kevin Stöger 45
21%
Mittelfeldspieler 2025- GER Lennard Maloney 28
21%
Mittelfeldspieler 2023- GER Marco Richter 21
21%
Verteidiger 2022- GER Maxim Leitsch 39
21%
Mittelfeldspieler 2020-2023 GER Niklas Tauer 21
21%
Angreifer 2010-2015 KRO Petar Sliskovic 17
21%
Verteidiger 2017-2020 GER Ridle Baku 54
21%
Mittelfeldspieler 2025- JAP Sota Kawasaki 10
21%
Mittelfeldspieler 2023- GER Tom Krauß 31
21%
Angreifer 2017-2018 DEN Viktor Fischer 12
21%
Angreifer 2025- DEN William Bøving 12
21%
Angreifer 2023 NED Anwar el Ghazi 3
16%
Angreifer 2025- FRA Arnaud Nordin 25
16%
Angreifer 2024-2025 KRO Gabriel Vidovic 2
16%
Verteidiger 2015-2019 FRA Gaëtan Bussmann 35
16%
Mittelfeldspieler 2013-2015 GER Julian Koch 4
16%
Verteidiger 2015-2017 SWE Pierre Bengtsson 30
16%
Angreifer 2013-2015 GER Sebastian Polter 15
16%
Verteidiger 2016-2017 BRA André Ramalho 20
11%
Mittelfeldspieler 2022-2023 FRA Angelo Fulgini 18
11%
Mittelfeldspieler 2013-2016 GER Christoph Moritz 46
11%
Verteidiger 2021-2022 AUT David Nemeth 7
11%
Angreifer 2022-2024 NED Delano Burgzorg 17
11%
Angreifer 2014-2016 GER Devante Parker 2
11%
Angreifer 2015-2016 GER Florian Niederlechner 14
11%
Verteidiger 2020 NED Jeffrey Bruma 8
11%
Angreifer 2024 GER Jessic Ngankam 7
11%
Mittelfeldspieler 2023-2024 FRA Joshua Guilavogui 12
11%
Angreifer 2016-2021 GER Levin Öztunali 123
11%
Angreifer 2020-2023 AUT Marlon Mustapha 6
11%
Verteidiger 2024-2025 GER Moritz Jenz 20
11%
Mittelfeldspieler 2013-2017 DEN Niki Zimling 32
11%
Verteidiger 2014 GER Philipp Wollscheid 5
11%
Verteidiger 2019-2023 FRA Ronaël Pierre-Gabriel 8
11%
Angreifer 2012-2014 GER Shawn Parker 30
11%
Mittelfeldspieler 2014-2016 BUL Todor Nedelev 2
11%
Verteidiger 2018-2021 GER Ahmet Gürleyen 1
5%
Mittelfeldspieler 2013-2016 GER Benedikt Saller 17
5%
Angreifer 2012-2015 GER Chinedu Ede 11
5%
Angreifer 2015-2016 GER Christian Clemens 44
5%
Angreifer 2023-2024 GER David Mamutovic 2
5%
Mittelfeldspieler 2022-2023 GER Eniss Shabani 1
5%
Mittelfeldspieler 2014-2015 SRB Filip Djuricic 12
5%
Mittelfeldspieler 2016-2019 ESP José Rodriguez 5
5%
Verteidiger 2020-2021 GER Luca KIlian 8
5%
Mittelfeldspieler 2020-2024 GER Matondo Merveille Papela 19
5%
Angreifer 2015-2017 GER Maximilian Beister 1
5%
Angreifer 2016-2017 FRA Mounir Bouziane 1
5%
Angreifer 2015 CHI Nicolás Castillo 1
5%
Mittelfeldspieler 2014 GER Patrick Pflücke 1
5%
Mittelfeldspieler 2015-2018 GER Philipp Klement 3
5%
Mittelfeldspieler 2021 GER Romario Rösch 1
5%
Mittelfeldspieler 2021 GER Stephan Fürstner 1
5%
Angreifer 2016-2020 GER Aaron Seidel 8
0%
Angreifer 2018-2022 GHA Abbas Issah 4
0%
Angreifer 2013-2016 GER Dani Schahin 5
0%
Angreifer 2012-2014 AUS Nikita Rukavytsya 8
0%
Keine übereinstimmenden Quizze gefunden
Verteilung der Resultate
Anzahl Personen mit jedem Resultat
Perzentil nach korrekt beantworteten Fragen
Ihre Resultats-Entwicklung
Sie haben dieses Quiz noch nicht gespielt